书目信息 |
| 题名: |
外国私立教育
|
|
| 作者: | 谢安邦 , 曲艺 著 | |
| 分册: | ||
| 出版信息: | 北京 中国社会科学出版社 2003 |
|
| 页数: | 334页 | |
| 开本: | 21cm | |
| 丛书名: | 七方民办教育丛书 | |
| 单 册: | ||
| 中图分类: | G512.72 | |
| 科图分类: | ||
| 主题词: | 私立学校--世界 | |
| 电子资源: | ||
| ISBN: | 7-5004-3814-1 | |
| 000 | 00724nam0 2200241 450 | |
| 001 | 0533100719 | |
| 005 | 20051108092206.89 | |
| 010 | @a7-5004-3814-1@dCNY146.00(全5册) | |
| 092 | @aCN | |
| 100 | @a20051108d2003 km y0chiy0120 ea | |
| 101 | 0 | @achi |
| 102 | @aCN@b110000 | |
| 200 | 1 | @a外国私立教育@Awai guo si li jiao yu@f谢安邦,曲艺著@Fxie an bang,qu yi zhu |
| 210 | @a北京@c中国社会科学出版社@d2003 | |
| 215 | 1 | @a334页@d21cm |
| 225 | @a七方民办教育丛书@f黄藤主编 | |
| 410 | 0 | @12001 @a七方民办教育丛书@1701 0@a黄藤@Ahuang teng@4主编 |
| 606 | 0 | @a私立学校@y世界 |
| 690 | @aG512.72@v4 | |
| 701 | 0 | @a谢安邦@Axie an bang@4著 |
| 701 | 0 | @a曲艺@Aqu yi@4著 |
| 801 | 0 | @aCN@bPFT@c20051108 |
| 905 | @a10447@dG512.72@e37 | |
| 外国私立教育/谢安邦,曲艺著.-北京:中国社会科学出版社,2003 |
| 334页;21cm.-(七方民办教育丛书/黄藤主编) |
| ISBN 7-5004-3814-1:CNY146.00(全5册) |
| ● |
| 相关链接 |
|
|
|
|
正题名:外国私立教育
索取号:G512.72/37
 
预约/预借
| 序号 | 登录号 | 条形码 | 馆藏地/架位号 | 状态 | 备注 |
| 1 | 0337809 | 203378095 | 第一样本阅览室/ [索取号:G512.72/37] | 在馆 |